| 000 | 00729nam a2200277Ia 4500 | ||
|---|---|---|---|
| 008 | 170203s9999 xx 000 0 und d | ||
| 020 | _a0 439317215 | ||
| 050 | _a796.03 | ||
| 050 | _bV431s 2003 | ||
| 245 | _aScholastic visual sports encyclopedia / | ||
| 245 | _cScholastic Reference (Firm) | ||
| 260 | _aNew York : | ||
| 260 | _bScholastic Reference, | ||
| 260 | _c2003 | ||
| 300 | _a224 pages : | ||
| 300 | _bcolor illustrations ; | ||
| 300 | _c29 cm. | ||
| 650 | _aMotor sports. | ||
| 650 | _aSports -- | ||
| 650 | _aSports -- | ||
| 650 | _aSports -- Pictorial works -- | ||
| 650 | _aSports. | ||
| 650 | _xEncyclopedias, Juvenile. | ||
| 650 | _xEncyclopedias. | ||
| 650 | _xJuvenile literature. | ||
| 999 |
_c305846 _d305846 |
||